Keynes' general theory
Αποθηκεύτηκε σε:
| Κύριος συγγραφέας: | |
|---|---|
| Μορφή: | Βιβλίο |
| Γλώσσα: | English |
| Δημοσίευση: |
Αθήνα :
[χ.ό.] ;
1974.
|
| Θέματα: | |
| Ετικέτες: |
Προσθήκη ετικέτας
Δεν υπάρχουν, Καταχωρήστε ετικέτα πρώτοι!
|
MARC
| LEADER | 00000cam a2200000 i 4500 | ||
|---|---|---|---|
| 001 | 1/54426 | ||
| 008 | 960423s1974 eng d | ||
| 035 | |l 10027682 | ||
| 040 | |a GR-MY-UA |b gre |e aacr | ||
| 041 | 0 | |a eng | |
| 082 | 0 | |a 330.156 | |
| 100 | 1 | |a Κρίμπας, Γιώργος Π. | |
| 245 | 1 | 0 | |a Keynes' general theory / |c G.E.Krimpas. |
| 260 | |a Αθήνα : |b [χ.ό.] ; |c 1974. | ||
| 300 | |a 140 σ : |b διαγρ. ; |c 25 εκ. | ||
| 600 | 1 | 0 | |a Keynes, John Maynard, |d 1883-1946. |
| 650 | 0 | 0 | |a Keynesian economics. |
| 852 | |a INST |b CHIOS |e 19960423 |h 330.156 ΚΡΙ |p 005200005836 |q 005200005836 |t BK |y 0 | ||
| 852 | |a INST |b CHIOS |c TSAMOYRGELIS |e 20190723 |h 330.156 ΚΡΙ |p 005200038858 |q 005200038858 |t BK |y 0 | ||
| 909 | |a Χ |b 000482 | ||